| 000 | 00600nam a22001937a 4500 | ||
|---|---|---|---|
| 999 |
_c181178 _d181178 |
||
| 005 | 20210903160427.0 | ||
| 010 | _aB-741379 | ||
| 020 |
_a9781107698543 _c250.00 |
||
| 035 | _aB-741379 | ||
| 037 | _bGift | ||
| 082 | _a881 | ||
| 100 | _aLewis, C.S. | ||
| 245 |
_aAn experiment in criticism / _cby C.S. Lewis |
||
| 260 |
_aDelhi _bCambridge University Press _c2013 |
||
| 270 |
_a4381/4, Ansari ROod, Daryaganj _bDelhi _e110002 |
||
| 300 |
_a142p. _c22cm(pbk) |
||
| 942 |
_2ddc _cEN _mLEW _h881 |
||